000 00843nam a2200229Ia 4500
001 9666
003 GE_BSU
008 181216s||||||||xx |||||||||||||| ||und||
040 _cGE_BSU
080 _a821.353.1–1+821.353.1-11
100 _aმირცხულავა,ალიო (მაშაშვილი)
245 _aერთტომეული
245 _bლექსები და პოემები.
245 _cრედ.შ.სულაბერიძე.მხატვ:გ.გორდელაძე
260 _aთბილისი
260 _bსახელგამი
260 _c1953
300 _a655გვ.1ფ.პორტრ.23სმ.
653 _aპოემები. დრამატული პოემები
653 _aრჩეული ლექსი
942 _cBK
999 _c42950
_d42950